ბათუმის შოთა რუსთაველის სახელმწიფო უნივერსიტეტის ბიბლიოთეკა

რადიოფიზიკა : (ბიბ.ჩანაწერი № 58781)

000 -ლიდერი
ფიქსირებული სიგრძის საკონტროლო ველი 01630nam a22002777a 4500
003 - საკონტროლო ნომრის იდენტიფიკატორი
საკონტროლო ველი Ge_BSU
005 - ბოლო ოპერაციის თარიღი და დრო
საკონტროლო ველი 20220725132918.0
008 - ფიქსირებული სიგრძის მონაცემთა ელემენტები - ზოგადი ინფორმაცია
ფიქსირებული სიგრძის საკონტროლო ველი 220725s2022ge xxu||||| |||| 00| 0 geo d
020 ## - წიგნის საერთაშორისო სტანდარტული ნომერი
International Standard Book Number 9789941488573
041 ## - ენის კოდი
Language code of text/sound track or separate title geo
080 ## - უნივერსალური ათობითი კლასიფიკაციის ინდექსი
Universal Decimal Classification number 53(075.8)+621.39 ღ-79
100 ## - მთავარი ჩანაწერი - პიროვნების სახელი
Personal name ღომიძე, ნუგზარ
9 (RLIN) 1751
245 ## - ცნობა სათაურის შესახებ
Title რადიოფიზიკა :
Remainder of title სახელმძღვანელო /
Statement of responsibility, etc ნუგზარ ღომიძე, ხესპი ღომიძე, რედ: ომარ ნაკაშიძე, იზოლდა ჯაბნიძე, ლალი კალანდაძე.
264 ## - წარმოების, გამოცემის, დისტრიბუციის და სხვა ცნობები
გამოცემის, წარმოების, დისტრიბუციის... ადგილი ბათუმი:
გამოცემის, წარმოების, დისტრიბუციის... სახელწოდება ბათუმის შოთა რუსთაველის სახელმწიფო უნივერსიტეტი,
გამოცემის, წარმოების, დისტრიბუციის... თარიღი 2022.
300 ## - ფიზიკური აღწერა
Extent 336 გვ.:
Dimensions 29 სმ.
501 ## - შენიშვნა თანმხლებ მასალაზე
With note დანართი შემოკლ. აღნიშ. გვ:329-330 საძიებ.გვ:
332-336
504 ## - BIBLIOGRAPHY, ETC. NOTE
Bibliography, etc ბიბლიოგრაფ.გვ:331
653 ## - INDEX TERM--UNCONTROLLED
Uncontrolled term რადიოფიზიკა
653 ## - INDEX TERM--UNCONTROLLED
Uncontrolled term ფიზიკა
700 ## - ADDED ENTRY--PERSONAL NAME
Personal name ღომიძე, ხესპი
9 (RLIN) 14477
700 ## - ADDED ENTRY--PERSONAL NAME
Personal name ნაკაშიძე, ომარ
Relator term რედაქტორი
9 (RLIN) 14478
700 ## - ADDED ENTRY--PERSONAL NAME
Personal name ჯაბნიძე, იზოლდა
Relator term რედაქტორი
9 (RLIN) 14479
700 ## - ADDED ENTRY--PERSONAL NAME
Personal name კალანდაძე, ლალი
Relator term რედაქტორი
9 (RLIN) 14480
710 ## - ADDED ENTRY--CORPORATE NAME
Corporate name or jurisdiction name as entry element ბათუმის შოთა რუსთაველის სახელმწიფო უნივერსიტეტი
9 (RLIN) 14481
942 ## - ADDED ENTRY ELEMENTS (KOHA)
Source of classification or shelving scheme
Koha item type წიგნი
ეგზემპლარები
ჩამოწერის სტატუსი დაკარგული ეგზემპლარის სტატუსი კლასიფიკაციის წყარო ან თაროზე გაწყობის სქემა დაზიანების სტატუსი არ გაიცემა მუდმივი მდებარეობა (დაცვის ადგილი) ამჟამინდელი ადგილსამყოფელი თაროზე განთავსების ადგილი შეძენის თარიღი ღირებულება, შესყიდვის ნორმალური ფასი სრული შენახვის შიფრი შტრიხკოდი ბოლო ოპერაციის თარიღი ეგზემპლარის მიმდევრობითი ნომერი (კეტერი?) ფასის ძალაში შესვლის თარიღი ეგზემპლარის სახეობა საჯარო შენიშვნა
          ბათუმის შოთა რუსთაველის სახელმწიფო უნივერსიტეტის მთავარი ბიბლიოთეკა ბათუმის შოთა რუსთაველის სახელმწიფო უნივერსიტეტის მთავარი ბიბლიოთეკა წიგნსაცავი 2022-07-25 12.00 53(075.8)+621.39 ღ-79 63018 2022-07-25 63018 2022-07-25 წიგნი 12.00
          ბათუმის შოთა რუსთაველის სახელმწიფო უნივერსიტეტის მთავარი ბიბლიოთეკა ბათუმის შოთა რუსთაველის სახელმწიფო უნივერსიტეტის მთავარი ბიბლიოთეკა წიგნსაცავი 2022-07-25 12.00 53(075.8)+621.39 ღ-79 63019 2022-07-25 63019 2022-07-25 წიგნი 12.00
          ბათუმის შოთა რუსთაველის სახელმწიფო უნივერსიტეტის მთავარი ბიბლიოთეკა ბათუმის შოთა რუსთაველის სახელმწიფო უნივერსიტეტის მთავარი ბიბლიოთეკა წიგნსაცავი 2022-07-25 12.00 53(075.8)+621.39 ღ-79 63020 2022-07-25 63020 2022-07-25 წიგნი 12.00
          ბათუმის შოთა რუსთაველის სახელმწიფო უნივერსიტეტის მთავარი ბიბლიოთეკა ბათუმის შოთა რუსთაველის სახელმწიფო უნივერსიტეტის მთავარი ბიბლიოთეკა წიგნსაცავი 2022-07-25 12.00 53(075.8)+621.39 ღ-79 63021 2022-07-25 63021 2022-07-25 წიგნი 12.00
          ბათუმის შოთა რუსთაველის სახელმწიფო უნივერსიტეტის მთავარი ბიბლიოთეკა ბათუმის შოთა რუსთაველის სახელმწიფო უნივერსიტეტის მთავარი ბიბლიოთეკა წიგნსაცავი 2022-07-25 12.00 53(075.8)+621.39 ღ-79 63022 2022-07-25 63022 2022-07-25 წიგნი 12.00
          ბათუმის შოთა რუსთაველის სახელმწიფო უნივერსიტეტის მთავარი ბიბლიოთეკა ბათუმის შოთა რუსთაველის სახელმწიფო უნივერსიტეტის მთავარი ბიბლიოთეკა წიგნსაცავი 2022-07-25 12.00 53(075.8)+621.39 ღ-79 63023 2022-07-25 63023 2022-07-25 წიგნი 12.00
          ბათუმის შოთა რუსთაველის სახელმწიფო უნივერსიტეტის მთავარი ბიბლიოთეკა ბათუმის შოთა რუსთაველის სახელმწიფო უნივერსიტეტის მთავარი ბიბლიოთეკა წიგნსაცავი 2022-07-25 12.00 53(075.8)+621.39 ღ-79 63024 2022-07-25 63024 2022-07-25 წიგნი 12.00
          ბათუმის შოთა რუსთაველის სახელმწიფო უნივერსიტეტის მთავარი ბიბლიოთეკა ბათუმის შოთა რუსთაველის სახელმწიფო უნივერსიტეტის მთავარი ბიბლიოთეკა წიგნსაცავი 2022-07-25 12.00 53(075.8)+621.39 ღ-79 63025 2022-07-25 63025 2022-07-25 წიგნი 12.00
          ბათუმის შოთა რუსთაველის სახელმწიფო უნივერსიტეტის მთავარი ბიბლიოთეკა ბათუმის შოთა რუსთაველის სახელმწიფო უნივერსიტეტის მთავარი ბიბლიოთეკა წიგნსაცავი 2022-07-25 12.00 53(075.8)+621.39 ღ-79 63026 2022-07-25 63026 2022-07-25 წიგნი 12.00
          ბათუმის შოთა რუსთაველის სახელმწიფო უნივერსიტეტის მთავარი ბიბლიოთეკა ბათუმის შოთა რუსთაველის სახელმწიფო უნივერსიტეტის მთავარი ბიბლიოთეკა წიგნსაცავი 2022-07-25 12.00 53(075.8)+621.39 ღ-79 63027 2022-07-25 63027 2022-07-25 წიგნი 12.00